Sleepytime tales

Bibliographic Details
Main Author: McAllister, Hayden
Format: Book
Published: London : Award Publications , 1984
Subjects:

MARC

LEADER 00000cam a2200000 7i4500
001 0000008563
002 000009332
005 20000330.0
020 |a 0861631145 
090 0 0 |a JF   |b MCA 
100 1 |a McAllister, Hayden 
245 1 0 |a Sleepytime tales   |c Hayden McAllister 
260 |a London :   |b Award Publications ,   |c 1984 
300 |a p.v. :   |b ill. ;   |c 33cm. 
650 0 0 |a Children's stories 
999 |a 041371   |b BUKU   |c PINJAMAN   |e PERPUSTAKAAN KOMUNITI PETALING JAYA 
999 |a 041373   |b BUKU   |c PINJAMAN   |e PERPUSTAKAAN KOMUNITI PETALING JAYA 
999 |a 045305   |b BUKU   |c PINJAMAN   |e PERPUSTAKAAN KOMUNITI CAW KOTA DAMANSARA 
999 |a 045306   |b BUKU   |c PINJAMAN   |e PERPUSTAKAAN KOMUNITI CAW KOTA DAMANSARA 
999 |a 045307   |b BUKU   |c PINJAMAN   |e PERPUSTAKAAN KOMUNITI CAW KOTA DAMANSARA